|
|
|
|
| LEADER |
02611nam a22003613i 4500 |
| 001 |
EBC5517582 |
| 003 |
MiAaPQ |
| 005 |
20231204023214.0 |
| 006 |
m o d | |
| 007 |
cr cnu|||||||| |
| 008 |
231204s2018 xx o ||||0 mar d |
| 020 |
|
|
|a 9789352809615
|q (electronic bk.)
|
| 020 |
|
|
|z 9789352809592
|
| 035 |
|
|
|a (MiAaPQ)EBC5517582
|
| 035 |
|
|
|a (Au-PeEL)EBL5517582
|
| 035 |
|
|
|a (OCoLC)1055041139
|
| 040 |
|
|
|a MiAaPQ
|b eng
|e rda
|e pn
|c MiAaPQ
|d MiAaPQ
|
| 100 |
1 |
|
|a Mohanty, Prasanna K.
|
| 245 |
1 |
0 |
|a Shahare Aani Sarvajanik Dhoran :
|b Bhartiya Shahari Pradhanyakram.
|
| 250 |
|
|
|a 1st ed.
|
| 264 |
|
1 |
|a New Delhi :
|b SAGE Publications India Pvt, Ltd.,
|c 2018.
|
| 264 |
|
4 |
|c ©2018.
|
| 300 |
|
|
|a 1 online resource (348 pages)
|
| 336 |
|
|
|a text
|b txt
|2 rdacontent
|
| 337 |
|
|
|a computer
|b c
|2 rdamedia
|
| 338 |
|
|
|a online resource
|b cr
|2 rdacarrier
|
| 505 |
0 |
|
|a Cover -- अनुक्रमणिका -- कोष्टक आणि आकृत्यांची सूची -- प्रस्तावना -- विषयप्रवेश -- १. शहरे आणि साहचर्य अर्थव्यवस्था -- २. अतिरिक्त शहरीकरणाचे मिथक -- ३. विभागीय नियोजन, वाहतूक आणि जमीन वापर -- ४. शहरी जीवनाचा हक्क: सर्वसमावेशक शहरीकरण -- ५. शहर विकास आणि सेवांकरिता अर्थसाहाय्य -- ६. नागरी जमिनीचा संसाधन म्हणून वापर -- ७. नागरी सुप्रशासनासाठी संस्थात्मक आकृतिबंध -- ८. शहरे आणि सार्वजनिक धोरणः भारताचा नागरी प्राधान्यक्रम -- संदर्भ ग्रंथसूची -- लेखकाविषयी.
|
| 588 |
|
|
|a Description based on publisher supplied metadata and other sources.
|
| 590 |
|
|
|a Electronic reproduction. Ann Arbor, Michigan : ProQuest Ebook Central, 2023. Available via World Wide Web. Access may be limited to ProQuest Ebook Central affiliated libraries.
|
| 655 |
|
4 |
|a Electronic books.
|
| 776 |
0 |
8 |
|i Print version:
|a Mohanty, Prasanna K.
|t Shahare Aani Sarvajanik Dhoran
|d New Delhi : SAGE Publications India Pvt, Ltd.,c2018
|z 9789352809592
|
| 797 |
2 |
|
|a ProQuest (Firm)
|
| 856 |
4 |
0 |
|u https://ebookcentral.proquest.com/lib/matrademy/detail.action?docID=5517582
|z Click to View
|